| 000 | 00841cam a22002771 4500 | ||
|---|---|---|---|
| 001 | 7502583 | ||
| 005 | 20160620102038.0 | ||
| 008 | 730221s1963 nyua b 000 0 eng | ||
| 010 | _a 62019249 | ||
| 015 | _aGB63-14937 | ||
| 035 | _a(OCoLC)561875 | ||
| 040 |
_aDLC _cODaWU _dOCoLC _dUk _dDLC |
||
| 042 | _apremarc | ||
| 050 | 0 | 0 |
_aTA355 _b.P46 |
| 082 |
_a620.1 _222 _bPES |
||
| 100 | 1 |
_aPestel, Eduard C. _97104 |
|
| 245 | 1 | 0 |
_aMatrix Methods in Elastomechanics/ _c[by] Eduard C. Pestel [and] Frederick A. Leckie. |
| 260 |
_aNew York: _bMcGraw-Hill, _c1963 |
||
| 300 |
_a435 p.: _bill.; _c25 cm. |
||
| 504 | _aIncludes bibliographyp.411-416 and index | ||
| 650 | 0 |
_aVibration. _97105 |
|
| 650 | 0 |
_aMechanics, Applied. _97106 |
|
| 650 | 0 |
_97107 _aMatrices |
|
| 700 | 1 |
_aLeckie, Frederick A., _ejoint author. _97108 |
|
| 942 |
_2ddc _cBB |
||
| 999 |
_c12079 _d12079 |
||